000 01205nam a2200205Ia 4500
001 b6094-42469
003 IT-MiCISF
008 161014s9999||||xx |||||||||||||| ||und||
040 _aIT-MiCISF
_cIT-MiCISF
041 _ait
100 _aGusmitta Pier Luigi
245 0 _aVerso le vette dell'amore
_bPercorsi di spiritualità coniugale e familiare 1
250 _a1a ed.
260 _aBologna
_bDehoniane
_c2006
300 _app. 194
500 _a / spiritualità-coniugale, pastorale-familiare, magistero, matrimonio-sacramento, amore, chiesa-domestica / Prendendo come riferimento gli sviluppi della teologia sponsale e le riflessioni proposte durante le annuali "Settimane di Spiritualità Coniugale e Familiare", organizzate dall'Ufficio Nazionale per la Pastorale della Famiglia, l'A. ha pensato di offrire una sintesi globale delle prospettive e dei percorsi della vita cristiana delle famiglie. Ha anche raccolto alcune schede di lavoro già utilizzate negli incontri dei gruppi familiari, che si rivelano sempre un luogo pastoralmente significativo per l'accompagnamento degli sposi.
650 _a Temi di pastorale / pastorale-familiare
_e012
942 _cBK
957 _71
999 _a42469
_bsi
_g1
_c210982
_d210982